00677nam a22002057a 4500003000400000005001700004008004100021020003000062040003100092050002100123100003400144245005400178260004600232300004700278336002400325337002800349338002500377504005100402650001800453OSt20250401105327.0250401b |||||||| |||| 00| 0 eng d a9780199292486 (hardcover) aNUSTbengcNUSTdNUSTerda aTK5105.88815 WAL aWalton, Christopher DeAuthor aAgency and semantic web /cChristopher D. Walton. aOxford :bOxford University Press,c2007. axvii, 249 pages :bIllustrations ;c25 cm. 2rdamediaatextbtxt 2rdamediaaunmediatedbn 2rdamediaavolumebnc aIncludes bibliographical references and index. vSemantic Web.